000 00573nam a2200229Ia 4500
003 OSt
005 20221007080059.0
006 a|||||r|||| 00| 0
007 ta
008 221006b |||||||| |||| 00| 0 eng d
024 _a20,495
037 _cTextual
040 _aFLL
_cFLL
_beng
041 _2eng
_aeng
082 _aZz7, L9
100 _aJain D.C.
245 0 _aComparative law
260 _aNew Delhi
_bSterling publishers pvt. ltd. India
_c1979
300 _a263p
_ccm.
942 _hZz7, L9
_cTEXL
_2CC
999 _c1158306
_d1158306